In What Country Did They Die? - Statistics

General Stats
  • This quiz has been taken 32 times
  • The average score is 11 of 15
Answer Stats
Question Answer % Correct
Princess Diana France
93%
Joseph Stalin Soviet Union
93%
Michael Jackson United States
93%
Mahatma Gandhi India
90%
Bruce Lee China
83%
Margaret Thatcher United Kingdom
83%
Marilyn Monroe United States
83%
Diego Maradona Argentina
79%
Albert Einstein United States
79%
Osama Bin Laden Pakistan
76%
John Paul II Vatican City
76%
Napoleon United Kingdom
52%
Avicii Oman
34%
Charlie Chaplin Switzerland
34%
Wilhelm II Netherlands
28%
No matching quizzes found
Score Distribution
Percent of People with Each Score
Percentile by Number Answered
Your Score History
You have not taken this quiz